Представление документа в формате MARC21

ПолеНазваниеЗначение
  Тип записи a
  Библиографический уровень m
001 Контрольный номер RU\infra-m\znanium\bibl\2220014
005 Дата корректировки 20260429142112.7
008 Кодируемые данные 250715s2025 RU g rus u
020 Индекс ISBN __
a ISBN 978-5-9275-4639-8
040 Источник каталогиз. __
a Служба первич. каталог. Общество с ограниченной ответственностью «ЗНАНИУМ»
041 Код языка издания __
a Код языка текста rus
044 Код страны публикации __
a Код страны публикации RU
080 Индекс УДК __
a Индекс УДК 549
084 Индекс другой классификации/Индекс ББК __
2 Источник индекса rubbk
a Индекс другой классификации/Индекс ББК 26
084 Индекс другой классификации/Индекс ББК __
2 Источник индекса okso
a Индекс другой классификации/Индекс ББК 05.03.01
084 Индекс другой классификации/Индекс ББК __
2 Источник индекса okso
a Индекс другой классификации/Индекс ББК 05.04.01
084 Индекс другой классификации/Индекс ББК __
2 Источник индекса okso
a Индекс другой классификации/Индекс ББК 21.05.02
100 Автор __
a Автор Попов Ю.В.
q Полное имя Попов Юрий Витальевич
u Дополнение Южный федеральный университет
245 Заглавие __
a Заглавие Минералогия и инструментальные методы исследований минерального вещества
b Продолж. заглавия Учебник
c Ответственность Южный федеральный университет
250 Сведения об издании __
a Основные сведения об издании 1
260 Выходные данные __
a Место издания Ростов-на-Дону
b Издательство Издательство Южного федерального университета (ЮФУ)
c Дата издания 2025
300 Физическое описание __
a Объем 340 с.
520 Аннотация __
a Аннотация Учебник включает два раздела посвященные описательной минералогии и рассмотрению инструментальных методов исследования минералов. В первом разделе приводятся сведения более чем о 100 минеральных видах (охватывающих наиболее распространенные породообразующие и рудные минералы) их химическом составе физических свойствах и условиях образования. Во втором разделе рассматриваются основные методы инструментальных исследований минералов: электронно-зондовая микроскопия и микроанализ рентгенофазовый анализ методы колебательной микроскопии (ИК- и КР-спектроскопия) дифференциальный термический анализ — а также приводятся общие сведения о спектральных методах элементного анализа методах изучения флюидных включений в минералах и некоторых других. Для студентов обучающихся по направлению подготовки бакалавриата 05.03.01 «Геология» специалитета по специальности 21.05.02 «Прикладная геология» магистратуры по направлению 05.04.01 «Геология».
521 Примеч. о цел. назн. __
a Примеч. о целев. назн. ВО - Бакалавриат
650 Тематические рубрики __
a Основная рубрика Науки о Земле. Экология
x Основная подрубрика Минералогия. Петрография
655 Указ. предметных рубрик (устаревшее) __
a Жанр/ форма (устаревшее) Учебник
700 Другие авторы __
a Другие авторы Шарова Т.В.
q Полное имя Шарова Татьяна Викторовна
u Дополнение Южный федеральный университет
856 Электронный адрес документа 4_
a Имя сервера/домена znanium.ru
m Помощь ebs_support@infra-m.ru
n Местонахождение сервера НИЦ ИНФРА-М
u URL https://znanium.ru/catalog/document?id=467517
856 Электронный адрес документа 48
a Имя сервера/домена znanium.ru
d Путь /cover/2220
f Электронное имя 2220014.jpg
q Тип электронного формата image/jpeg
u URL https://znanium.ru/cover/2220/2220014.jpg
911 __
u 0030=https://znanium.ru/catalog/document?id=467517